| 000 | 00000nam##2200000za#4500 |
| 001 | 9.599603 |
| 003 | CaOODSP |
| 005 | 20240501092931 |
| 007 | cr ||||||||||| |
| 008 | 150406|2001||||xxc|||||o f|0| 0 fre|d |
| 040 | |aCaOODSP|bfre |
| 043 | |an-cn--- |
| 086 | 1 |aPS83-3/97F-PDF |
| 110 | 2 |aService correctionnel Canada. |
| 245 | 10|aApplication de l'Échelle d'intervention communautaire aux délinquantes : |h[ressource électronique]|bconstatations préliminaires / |c[par] Craig Dowden, Ralph Serin et Kelley Blanchette. |
| 260 | |bService correctionnel Canada |cJanvier 2001. |
| 300 | |a26p.|bréférences, tableaux |
| 490 | 1 |aRapport de recherche|v[R-97] |
| 590 | |a10-14-Supp|b2010-12-03 |
| 720 | 1 |aDowden, Craig |
| 720 | 1 |aSerin, Ralph C. |
| 720 | 1 |aBlanchette, Kelley |
| 775 | 08|tThe application of the Community Intervention Scale to women offenders : |w(CaOODSP)9.568312 |
| 830 | #0|aRapport de recherche (Service correctionnel Canada. Direction de la recherche)|v[R-97]|w(CaOODSP)9.502465 |
| 856 | 40|ahttp://publications.gc.ca|qPDF|s61 Ko|uhttps://publications.gc.ca/collections/collection_2010/scc-csc/PS83-3-97-fra.pdf|y[R-97] |